| 000 | 00406nam a2200181Ia 4500 | ||
|---|---|---|---|
| 001 | 603 | ||
| 005 | 20260306140530.0 | ||
| 008 | 260306t2017||||xx |||||||||||||| ||spa|| | ||
| 041 | _aESP | ||
| 082 |
_a128 _bN589 |
||
| 100 |
_aNubiola, Jaime _eAUT |
||
| 245 | 0 | _aVivir, pensar, soñar | |
| 260 | _c2017 | ||
| 300 |
_a244 páginas : _c21 cm. |
||
| 650 | _aGEN | ||
| 654 | _aCHU | ||
| 942 |
_cLIB _dJUS _fJUS _2ddc _n |
||
| 999 |
_c603 _d603 |
||